Introduction to operating systems : concepts and practice (Record no. 172075)

MARC details
000 -LEADER
fixed length control field 00408nam a2200145Ia 4500
008 - FIXED-LENGTH DATA ELEMENTS--GENERAL INFORMATION
fixed length control field 231217s9999 xx 000 0 und d
041 ## - LANGUAGE CODE
Language code of text/sound track or separate title English
082 ## - DEWEY DECIMAL CLASSIFICATION NUMBER
Classification number 001.642 BHA;1 R
100 ## - MAIN ENTRY--PERSONAL NAME
Personal name Bhatt, Pramod Chandra P
245 #0 - TITLE STATEMENT
Title Introduction to operating systems : concepts and practice
260 ## - PUBLICATION, DISTRIBUTION, ETC.
Date of publication, distribution, etc. 2003
Name of publisher, distributor, etc. PHI
Place of publication, distribution, etc. New Delhi
300 ## - PHYSICAL DESCRIPTION
Extent xiii+297
650 ## - SUBJECT ADDED ENTRY--TOPICAL TERM
Topical term or geographic name entry element operating,systems,:,concepts
942 ## - ADDED ENTRY ELEMENTS (KOHA)
Koha item type Books
Holdings
Date last seen Total checkouts Full call number Accession number Cost, total (INR) price Price effective from Category Lost status Damaged status Department Withdrawn status Home library Current library Shelving location Entry date Vendor Cost, normal purchase price Grants Billnumber Billdate Currency symbol Conversion rate Discount Old discount
26/01/2024   001.642 BHA;1 R 27817 131.25 26/01/2024 Books     Central Library   Central Library Central Library Central Library 05/05/2004 I K International 175.00 TC 112 30/12/2005 RS 1 43.75 25
26/01/2024   001.642 BHA;2 R1 35886 140.00 26/01/2024 Books     Central Library   Central Library Central Library Library Annex 05/06/2005 Allied publ. 175.00 EC 22 14/12/2004 RS 1 35 20
26/01/2024   001.642 BHA;3 35887 140.00 26/01/2024 Books     Central Library   Central Library Central Library Central Library 05/06/2005 Allied publ. 175.00 EC 22 14/12/2004 RS 1 35 20
26/01/2024   001.642 BHA;4 35888 140.00 26/01/2024 Books     Central Library   Central Library Central Library Central Library 05/06/2005 Allied publ. 175.00 EC 22 15/12/2005 RS 1 35 20

© For any Suggestions or Query, please contact the library staff @ librarian@pes.edu or Phone: +9180 2672 1983/ 2108.